Estadísticas para Presidentes de Costa Rica

Haz click aquí para tomar la prueba!

Estadísticas generales

  • Esta prueba ha sido tomada 25 veces
    (21 desde el último reinicio)
  • La puntuación promedio es 41 de 65

Estadísticas de respuestas

Hint Answer % Correcto
2018-2022Carlos Alvarado Quesada
100%
1849-1859Juan Rafael Mora Porras
86%
2014-2018Luis Guillermo Solís Rivera
86%
2010-2014Laura Chinchilla Miranda
86%
1986-1990Óscar Arias Sánchez
86%
1953-1958José Figueres Ferrer
86%
1948-1949José Figueres Ferrer (Junta Fundadora de la Segunda República)
86%
1940-1944Rafael Ángel Calderón Guardia
86%
1914-1917Alfredo González Flores
86%
1906-1910Cleto González Víquez
86%
1936-1940León Cortés Castro
71%
1949-1953Otilio Ulate Blanco
71%
1917-1919Federico Tinoco Granados
71%
2002-2006Abel Pacheco de la Espriella
71%
1998-2002Miguel Ángel Rodríguez Echeverría
71%
1994-1998José María Figueres Olsen
71%
1990-1994Rafael Ángel Calderón Fournier
71%
1982-1986Luis Alberto Monge Álvarez
71%
1978-1982Rodrigo Carazo Odio
71%
1974-1978Daniel Oduber Quirós
71%
1910-1914Ricardo Jiménez Oreamuno
71%
1958-1962Mario Echandi Jiménez
71%
1948Santos León Herrera
71%
1842Francisco Morazán Quesada
57%
1944-1948Teodoro Picado Michalski
57%
1844-1846Francisco María Oreamuno Bonilla
57%
1837Joaquín Mora Fernández
57%
1962-1966Francisco Orlich Bolmacich
57%
1920-1924Julio Acosta García
57%
1835-1837Braulio Carrillo Colina
57%
1835Manuel Fernández Chacón
57%
1966-1970José Joaquín Trejos Fernández
57%
1824-1833Juan Mora Fernández
57%
1847-1849José María Castro Madriz
57%
1876Aniceto Esquivel Sáenz
57%
1849Miguel Mora Porras
57%
1902-1906Ascensión Esquivel Ibarra
57%
1859-1863José María Montealegre Fernández
57%
1863-1866Jesús Jiménez Zamora
57%
1890-1894José Rodríguez Zeledón
57%
1889-1890Carlos Durán Cartín
57%
1870-1876Tomás Guardia Gutiérrez
57%
1882-1885Próspero Fernández Oreamuno
57%
1919Juan Bautista Quirós Segura
57%
1876-1877Vicente Herrera Zeledón
57%
1835Nicolás Ulloa Soto
43%
1882Saturnino Lizano Gutiérrez
43%
1885-1890Bernardo Soto Alfaro
43%
1894-1902Rafael Yglesias Castro
43%
1837-1838Manuel Aguilar Chacón
43%
1842Antonio Pinto Soares
43%
1919Francisco Aguilar Barquero
43%
1870Bruno Carranza Ramírez
29%
1842-1844José María Alfaro Zamora
29%
1833-1835José Rafael de Gallegos y Alvarado
29%

Distribución de puntuación

Porcentaje por número respondido

Porcentaje de gente con cada puntuación

Historial de tus puntuaciones

No has tomado esta prueba desde el último reinicio